000 00564nam a2200181 a 4500
005 20240823063758.0
008 991125s1972 es 000 0 spa u
035 _aUPN01000000746
049 _aCG
050 4 _aBF199
_bA33
245 0 0 _aAdaptación y conducta :
_bbases biológicas y procesos complejos /
_cVicente Pelechano ... [et al.].
260 _aMadrid :
_bMarova,
_c1972.
300 _a155 p.
440 0 _aBiblioteca Marova de estudios del hombre ;
_v13
650 4 _aConducta (Psicología)
_94460
700 1 _aPelechano, Vicente,
_ecoaut.
905 _aLibro
999 _c746
_d746